| 000 | 00994nam a2200265 i 4500 | ||
|---|---|---|---|
| 001 | 116219 | ||
| 003 | ES-MaACL | ||
| 005 | 20250915063051.0 | ||
| 007 | t| | ||
| 008 | 061121s1970 sp r ||||1| spa d | ||
| 017 |
_aB 34420-1970 _bOficina Depósito Legal Barcelona |
||
| 040 | _cES-MaACL | ||
| 100 | 1 |
_aParker, Anthony _989167 _eaut |
|
| 240 | _aThe Frying-Pan | ||
| 245 | 1 | 3 |
_aLa Sartén : _bEl Sorprendente mundo de Grandon, prisión psiquiátrica / _cAnthony Parker ; [traducción Carlos Casas]. |
| 250 | _a[Primera edición]. | ||
| 260 |
_aBarcelona [etc.] : _bNoguer, _c1970. |
||
| 300 |
_a281 páginas ; _c22 cm. |
||
| 505 | 8 | _aContiene: La Sartén ; El sorprendente mundo de Grendon, prisión psiquiátrica | |
| 700 | 1 |
_aCasas, Carlos _936188 _etrl |
|
| 852 |
_aES-MaACL _jC-44188 _bR.75299 _9120572 _cDEPO2 _xEncuadernación cartoné con sobrecubiertas |
||
| 942 |
_cMONOGRAFIA _n0 |
||
| 999 |
_c116219 _d116219 |
||